Guatemala: un incierto futuro

En este artículo se ofrece un análisis del resultado electoral de noviembre de 1999 en Guatemala. Se identifica la posición ideológica del partido triunfante: el FRG y su victoria es considerada una de las varias amenazas para la democratización de Guatemala. Se hacen algunas consideraciones sobre e...

Fuld beskrivelse

Guardado en:
Bibliografiske detaljer
Format: Texto
Fag:
Tags: Tilføj Tag
Ingen Tags, Vær først til at tagge denne postø!

MARC

LEADER 00000 a a2200000 04500
001 6307
003
040
245 |a Guatemala:   |b un incierto futuro  
520 |a En este artículo se ofrece un análisis del resultado electoral de noviembre de 1999 en Guatemala. Se identifica la posición ideológica del partido triunfante: el FRG y su victoria es considerada una de las varias amenazas para la democratización de Guatemala. Se hacen algunas consideraciones sobre el abstencionismo y el posible panorama político del país./MSD  
650 |a ELECCIONES  
650 |a PARTIDOS POLITICOS  
650 |a VOTACION  
650 |a COMPORTAMIENTO POLITICO  
773 |g volumen 20, número 878; páginas 10-11  
999 |c 25595  |d 25595